William Faulkner : the art of stylization in his early graphic and literary work /

Bibliographic Details
Main Author: Hönnighausen, Lothar
Format: Book
Language:English
Published: Cambridge [Cambridgeshire] ; New York : Cambridge University Press, 1987.
Series:Cambridge studies in American literature and culture.
Subjects:

MARC

Tag First Indicator Second Indicator Subfields
LEADER 00000cam a2200000 a 4500
001 in00000014068
005 20151007052131.0
008 870305s1987 enka b 00110 eng
010 |a  87006401  
020 |a 052133280X 
035 |a (OCoLC)15629156 
035 |9 AAA6418AM 
040 |a DLC  |c DLC  |d TXA  |d UtOrBLW 
049 |a TXAM  |c [A12606746] 
050 0 0 |a PS3511.A86  |b Z83 1987 
082 0 |a 813/.52  |2 19 
100 1 |a Hönnighausen, Lothar. 
245 1 0 |a William Faulkner :  |b the art of stylization in his early graphic and literary work /  |c Lothar Hönnighausen. 
264 1 |a Cambridge [Cambridgeshire] ;  |a New York :  |b Cambridge University Press,  |c 1987. 
300 |a xvi, 215 pages :  |b illustrations ;  |c 26 cm. 
336 |a text  |b txt  |2 rdacontent 
337 |a unmediated  |b n  |2 rdamedia 
338 |a volume  |b nc  |2 rdacarrier 
490 1 |a Cambridge studies in American literature and culture 
504 |a Bibliography: pages 204-208. 
500 |a Includes index. 
600 1 0 |a Faulkner, William,  |d 1897-1962  |x Literary style. 
600 1 0 |a Faulkner, William,  |d 1897-1962  |x Knowledge  |x Art. 
650 0 |a Art and literature  |z United States. 
830 0 |a Cambridge studies in American literature and culture. 
999 |a MARS 
999 f f |s 62ea8faf-ca1b-38b5-85f6-45d48ec199de  |i 5393b755-fcc3-30b2-9e4e-307ef66817ad  |t 0 
952 f f |p ric  |a Texas A&M University  |b Rellis Campus  |c Joint Library Facility  |d Remote Storage  |t 0  |e PS3511.A86 Z83 1987  |h Library of Congress classification  |i unmediated -- volume  |m A14812606746 
998 f f |a PS3511.A86 Z83 1987  |t 0  |l Remote Storage